The future of the Public Forest Estate in England (Record no. 111808)

MARC details
000 -LEADER
fixed length control field 01311cam a22002175a 4500
001 - CONTROL NUMBER
control field L152036
008 - FIXED-LENGTH DATA ELEMENTS--GENERAL INFORMATION
fixed length control field 110127s2011 xxk f 000 0 eng d
035 ## - SYSTEM CONTROL NUMBER
System control number (Sirsi) u152036
041 0# - LANGUAGE CODE
Language code of text/sound track or separate title eng
110 2# - MAIN ENTRY--CORPORATE NAME
Corporate name or jurisdiction name as entry element Forestry Commission
9 (RLIN) 804
245 04 - TITLE STATEMENT
Title The future of the Public Forest Estate in England
Remainder of title A public consultation
Medium [electronic resource]
260 ## - PUBLICATION, DISTRIBUTION, ETC.
Date of publication, distribution, etc. 2011
520 ## - SUMMARY, ETC.
Summary, etc. Consultation about the future ownership and management of the public forest estate in England. Sets out the argument for a move away from the government owning and managing significant areas of woodlands in England. Proposes a mixed model approach for future management with a far greater role for civil society, businesses and individuals. The consultation runs for 12 weeks and will close on 21st April 2011.
590 ## - LOCAL NOTE (RLIN)
Local note KA NTK
651 #4 - SUBJECT ADDED ENTRY--GEOGRAPHIC NAME
Geographic name England
Chronological subdivision 886-
690 ## - LOCAL SUBJECT ADDED ENTRY--TOPICAL TERM (OCLC, RLIN)
Topical term or geographic name as entry element Environment
9 (RLIN) 6238
710 1# - ADDED ENTRY--CORPORATE NAME
Corporate name or jurisdiction name as entry element Department for Environment, Food and Rural Affairs
9 (RLIN) 4094
856 40 - ELECTRONIC LOCATION AND ACCESS
Uniform Resource Identifier <a href="https://www.forestry.gov.uk/website/pdf.nsf/pdf/PFE_Consultation_WEB.pdf/$FILE/PFE_Consultation_WEB.pdf">https://www.forestry.gov.uk/website/pdf.nsf/pdf/PFE_Consultation_WEB.pdf/$FILE/PFE_Consultation_WEB.pdf</a>
Public note View the PDF of the consultation free of charge at www.forestry.gov.uk
856 40 - ELECTRONIC LOCATION AND ACCESS
Uniform Resource Identifier <a href="https://ww2.defra.gov.uk/news/2011/01/27/englands-forests/">https://ww2.defra.gov.uk/news/2011/01/27/englands-forests/</a>
Public note View the DEFRA News Release at ww2.defra.gov.uk/news/2011/01/27/englands-forests/
942 ## - ADDED ENTRY ELEMENTS (KOHA)
Suppress in OPAC 0
Holdings
Withdrawn status Lost status Source of classification or shelving scheme Damaged status Not for loan Home library Current library Shelving location Date acquired Total Checkouts Full call number Barcode Date last seen Copy number Price effective from Koha item type
    Dewey Decimal Classification     Virtual Virtual Online 27/01/2011   L152036 152036-2001 06/08/2019 1 06/08/2019 Book